000 00403pab a2200157 454500
008 180718b1983 xxu||||| |||| 00| 0 eng d
100 _aGreen, Ronald K.
245 _aEthics and manipulation in organisations
260 _c1983
300 _a35-43
362 _aMar.
650 _aSocial Service Agencies - U.S.A.
700 _aEdward J. Pawlak
773 _aSocial Service Review
909 _a18338
999 _c18338
_d18338